00382nam a22001097a 450000500170000000800410001702000230005804100080008108200170008910000340010624501320014020250927161135.0250927b |||||||| |||| 00| 0 eng d a9781932565478qpbk aeng a155.911bARN aArnwine ,Bonnie Olivia Mccoy aStarting Sensory Integration Therapy : Fun Activities That Won't Destroy Your Home Or Classroom!c/Bonnie Arnwine, Olivia McCoy